From writing to composing Từ viết đến viết những bài luận văn hay nhất

Zapisane w:
Opis bibliograficzny
1. autor: Đỗ Lệ Hằng
Format: Książka
Język:Undetermined
Wydane: Đồng Nai Nxb. Đồng Nai 1996
Hasła przedmiotowe:
Etykiety: Dodaj etykietę
Nie ma etykietki, Dołącz pierwszą etykiete!
Thư viện lưu trữ: Trung tâm Học liệu Trường Đại học Cần Thơ
LEADER 00587nam a2200181Ia 4500
001 CTU_4422
008 210402s9999 xx 000 0 und d
082 |a 428 
082 |b B100 
100 |a Đỗ Lệ Hằng 
245 0 |a From writing to composing 
245 0 |b Từ viết đến viết những bài luận văn hay nhất 
245 0 |c Đỗ Lệ Hằng 
260 |a Đồng Nai 
260 |b Nxb. Đồng Nai 
260 |c 1996 
650 |a english language - composition and exercises 
980 |a Trung tâm Học liệu Trường Đại học Cần Thơ